000 00307nam a2200085Ia 4500
245 0 _aThe silent giants of Southern Africa : including the desert giants of the Kaokoveld
100 _a Preller, Bob, [South Africa, 2013 Third edition
_976758
942 _cBK
008 210817s9999 xx 000 0 und d
999 _c260268
_d260267